000 00621nam a2200241Ia 4500
003 OSt
005 20221007074852.0
006 a|||||r|||| 00| 0
007 ta
008 221006b |||||||| |||| 00| 0 eng d
024 _a11,284
037 _cTextual
040 _aFLL
_cFLL
_beng
041 _2eng
_aeng
082 _aV1:19.N5, L0.3
100 _aLal Shiv Ed.
_9437648
245 0 _aElection archives
260 _aNew Delhi
_bArchives publishers India
_c1970
300 _a116p
_ccm.
490 _vVol.3
942 _hV1:19.N5, L0.3
_cTEXL
_2CC
999 _c1153969
_d1153969